000 00472nam a2200181Ia 4500
003 IIN
005 20240105115255.0
008 231217s9999 xx 000 0 und d
020 _cRs.580.00
_a9788131244548
040 _aIIN
_bEnglish
082 _a579.0282
_bKAN
100 1 _aKannan, I
245 1 _aEssentials of Microbiology
_bfor Nurses /
_cI. Kannan
260 _bElsevier
_aNew Delhi
_c2016
300 _axii, 284p.
650 1 _aMicrobiology
_vNurses
942 _cBOOK
999 _c347
_d347